[Event "Dzhubga Blitz op"]
[Site "Dzhubga"]
[Date "2023.08.13"]
[Round "12"]
[White "Safin, Robert"]
[Black "Porozhniak, Maya"]
[Result "1-0"]
[WhiteElo "2207"]
[BlackElo "1856"]
[PlyCount "84"]
[EventDate "2023.08.13"]
[EventType "swiss (blitz)"]
[EventRounds "13"]
[EventCountry "RUS"]
[SourceTitle "CBM 215 Extra"]
[Source "ChessBase"]
[SourceDate "2023.09.30"]
[SourceVersion "1"]
[SourceVersionDate "2023.09.30"]
[SourceQuality "1"]

1. d4 c5 2. c3 e6 3. Nf3 b6 4. g3 Bb7 5. Bg2 Nf6 6. 0-0 Be7 7. Bg5 0-0 8. Nbd2 cxd4 9. cxd4 d6 10. Bxf6 Bxf6 11. e4 Nc6 12. Nc4 Be7 13. Rc1 Rc8 14. a3 b5 15. Ne3 Na5 16. d5 Bf6 17. Rxc8 Bxc8 18. b3 Nb7 19. b4 Qb6 20. Ng4 Be7 21. Nd4 exd5 22. exd5 Nd8 23. Ne3 Bf6 24. Nc6 Qa6 25. Qd3 Bb2 26. Rb1 Nxc6 27. dxc6 Qxa3 28. Qxa3 Bxa3 29. Nc2 Bf5 30. Nxa3 Bxb1 31. Nxb1 a6 32. Nc3 Re8 33. Bh3 Re1+ 34. Kg2 Rc1 35. c7 Rxc3 36. c8Q+ Rxc8 37. Bxc8 Kf8 38. Bxa6 Ke7 39. Bxb5 d5 40. Kf3 Kd6 41. Ke3 Ke5 42. Bc6 Kd6 1-0

[Event "Dzhubga Blitz op"]
[Site "Dzhubga"]
[Date "2023.08.13"]
[Round "11"]
[White "Safin, Robert"]
[Black "Smirnov, Pavel"]
[Result "0-1"]
[WhiteElo "2207"]
[BlackElo "2538"]
[PlyCount "61"]
[EventDate "2023.08.13"]
[EventType "swiss (blitz)"]
[EventRounds "13"]
[EventCountry "RUS"]
[SourceTitle "CBM 215 Extra"]
[Source "ChessBase"]
[SourceDate "2023.09.30"]
[SourceVersion "1"]
[SourceVersionDate "2023.09.30"]
[SourceQuality "1"]

1. d4 Nf6 2. Nf3 d5 3. g3 e6 4. Bg2 Be7 5. 0-0 0-0 6. c4 c6 7. Qc2 b6 8. Rd1 Bb7 9. b3 Nbd7 10. Nc3 Ba6 11. Bf4 Nh5 12. Bc1 f5 13. Ne5 Rc8 14. Bb2 Nhf6 15. e3 Qe8 16. Ne2 g5 17. f3 Nxe5 18. dxe5 Nd7 19. Nd4 Qg6 20. e4 fxe4 21. fxe4 dxc4 22. Nxc6 Bc5+ 23. Kh1 Rxc6 24. Rxd7 Rf2 25. Rd8+ Kg7 26. Qd1 Rc7 27. Bd4 Bxd4 28. Qxd4 Rcf7 29. bxc4 Qh5 30. Re1 Bb7 31. Rd7 0-1

[Event "Dzhubga Rapid op"]
[Site "Dzhubga"]
[Date "2023.08.10"]
[Round "3"]
[White "Zakhartsov, Vladimir"]
[Black "Safin, Robert"]
[Result "1-0"]
[WhiteElo "2525"]
[BlackElo "2207"]
[PlyCount "101"]
[EventDate "2023.08.10"]
[EventType "swiss (rapid)"]
[EventRounds "11"]
[EventCountry "RUS"]
[SourceTitle "CBM 215 Extra"]
[Source "ChessBase"]
[SourceDate "2023.09.30"]
[SourceVersion "1"]
[SourceVersionDate "2023.09.30"]
[SourceQuality "1"]

1. d4 Nf6 2. c4 g6 3. Nc3 Bg7 4. e4 d6 5. h3 0-0 6. Be3 c5 7. d5 e6 8. Bd3 exd5 9. exd5 Re8 10. Nf3 Bh6 11. 0-0 Bxe3 12. fxe3 Qe7 13. e4 Nbd7 14. Qd2 Kg7 15. Rf2 Ng8 16. Raf1 f6 17. Nb5 Nf8 18. e5 dxe5 19. d6 Qd8 20. Nc7 Be6 21. Nxe5 Qxd6 22. Nxe8+ Rxe8 23. Nf3 Bd7 24. Re2 Rxe2 25. Qxe2 Ne6 26. Be4 Qg3 27. Qf2 Qxf2+ 28. Kxf2 Bc8 29. Rd1 Kf8 30. Bd5 Ke7 31. a3 Nh6 32. b4 Nf5 33. Nd2 Nf4 34. Ne4 cxb4 35. axb4 Nxg2 36. Nc5 Nf4 37. Bxb7 Nxh3+ 38. Ke1 Ne3 39. Rd3 Nc2+ 40. Kd2 Bf5 41. Be4 Nxb4 42. Rb3 Nc6 43. Bxf5 Ng5 44. Bd3 f5 45. Rb7+ Kd6 46. Nb3 h5 47. c5+ Ke6 48. Bc4+ Ke5 49. Bb5 Ne4+ 50. Ke1 Kd5 51. Rd7+ 1-0

[Event "Titled Tuesday intern op 11th Jul Early"]
[Site "Chess.com INT"]
[Date "2023.07.11"]
[Round "2"]
[White "Movahed, Sina"]
[Black "Safin, Robert"]
[Result "1-0"]
[WhiteElo "2417"]
[BlackElo "2207"]
[PlyCount "55"]
[EventDate "2023.07.11"]
[EventType "swiss (blitz)"]
[EventRounds "11"]
[EventCountry "USA"]
[SourceTitle "EXT 2024"]
[Source "ChessBase"]
[SourceDate "2023.10.10"]
[SourceVersion "1"]
[SourceVersionDate "2023.10.10"]
[SourceQuality "1"]

1. e4 e6 2. d4 d5 3. e5 Bd7 4. Nf3 a6 5. Nc3 c5 6. Be3 Qb6 7. Qd2 Nh6 8. Bd3 c4 9. Be2 Qxb2 10. Rb1 Qa3 11. 0-0 b5 12. Nd1 Nc6 13. Bxh6 gxh6 14. Ne3 0-0-0 15. c3 h5 16. Ng5 Qe7 17. f4 h6 18. Nf3 Bg7 19. f5 f6 20. exf6 Bxf6 21. Rbe1 Rhf8 22. a4 b4 23. Nxc4 dxc4 24. Bxc4 bxc3 25. Qxc3 e5 26. dxe5 Qc5+ 27. Kh1 Bg5 28. Bxa6+ 1-0

[Event "Titled Tuesday intern op 11th Jul Early"]
[Site "Chess.com INT"]
[Date "2023.07.11"]
[Round "4"]
[White "Rios Escobar, Adan"]
[Black "Safin, Robert"]
[Result "1-0"]
[WhiteElo "2234"]
[BlackElo "2207"]
[PlyCount "27"]
[EventDate "2023.07.11"]
[EventType "swiss (blitz)"]
[EventRounds "11"]
[EventCountry "USA"]
[SourceTitle "EXT 2024"]
[Source "ChessBase"]
[SourceDate "2023.10.10"]
[SourceVersion "1"]
[SourceVersionDate "2023.10.10"]
[SourceQuality "1"]

1. d4 Nf6 2. g3 e6 3. c4 c5 4. d5 exd5 5. cxd5 b5 6. e4 Nxe4 7. Bg2 Nf6 8. d6 Nc6 9. Qe2+ Be7 10. dxe7 Qxe7 11. Nc3 a6 12. Qxe7+ Kxe7 13. Bg5 Re8 14. 0-0-0 1-0

[Event "Titled Tuesday intern op 13th Jun Early"]
[Site "Chess.com INT"]
[Date "2023.06.13"]
[Round "9"]
[White "Masruri, Rahman"]
[Black "Safin, Robert"]
[Result "0-1"]
[WhiteElo "2299"]
[BlackElo "2207"]
[PlyCount "98"]
[EventDate "2023.06.13"]
[EventType "swiss (blitz)"]
[EventRounds "11"]
[EventCountry "USA"]
[SourceTitle "EXT 2024"]
[Source "ChessBase"]
[SourceDate "2023.10.10"]
[SourceVersion "1"]
[SourceVersionDate "2023.10.10"]
[SourceQuality "1"]

1. d4 Nf6 2. Bf4 d5 3. e3 c5 4. Nc3 a6 5. Nf3 cxd4 6. exd4 Nc6 7. Ne5 Bf5 8. Nxc6 bxc6 9. Bd3 Bxd3 10. Qxd3 e6 11. 0-0 c5 12. dxc5 Bxc5 13. Qg3 Nh5 14. Qg4 Nxf4 15. Qxf4 0-0 16. Ne2 Qb8 17. Rab1 Qxf4 18. Nxf4 Rfc8 19. Nd3 Bd6 20. c3 a5 21. Rfd1 Kf8 22. Kf1 Ke7 23. h3 h5 24. Ke2 g5 25. Rbc1 Rab8 26. Rc2 Rc4 27. b3 Rc6 28. c4 Rbc8 29. c5 Bxc5 30. Rdc1 Kd6 31. f3 Bd4 32. Rxc6+ Rxc6 33. Rxc6+ Kxc6 34. a4 h4 35. b4 axb4 36. Nxb4+ Kc5 37. Na6+ Kb6 38. Nb8 Bg7 39. Kd3 Kb7 40. Nd7 Kc6 41. Nb8+ Kc7 42. Na6+ Kb6 43. Nb8 f5 44. Nd7+ Kc6 45. Nb8+ Kc7 46. Na6+ Kb6 47. Nb8 e5 48. Nd7+ Kc7 49. Nb8 Kxb8 0-1

[Event "Titled Tuesday intern op 13th Jun Early"]
[Site "Chess.com INT"]
[Date "2023.06.13"]
[Round "7"]
[White "Safin, Robert"]
[Black "Quintiliano Pinto, Renato Rodrigues"]
[Result "1/2-1/2"]
[WhiteElo "2207"]
[BlackElo "2509"]
[PlyCount "106"]
[EventDate "2023.06.13"]
[EventType "swiss (blitz)"]
[EventRounds "11"]
[EventCountry "USA"]
[SourceTitle "EXT 2024"]
[Source "ChessBase"]
[SourceDate "2023.10.10"]
[SourceVersion "1"]
[SourceVersionDate "2023.10.10"]
[SourceQuality "1"]

1. e4 c5 2. c3 Nf6 3. e5 Nd5 4. Nf3 e6 5. d4 cxd4 6. cxd4 d6 7. Bc4 Nc6 8. 0-0 Be7 9. Bxd5 exd5 10. Nc3 Be6 11. Bf4 0-0 12. exd6 Bxd6 13. Bxd6 Qxd6 14. Re1 Rfe8 15. Ne5 Nxe5 16. Rxe5 f6 17. Re1 Bf7 18. Qd2 h6 19. Rxe8+ Rxe8 20. Re1 Rc8 21. h3 Rc4 22. b3 Rc8 23. Rc1 Qb4 24. Rc2 a5 25. Ne2 Qxd2 26. Rxd2 g5 27. Kf1 b5 28. Ke1 Bg6 29. Kd1 b4 30. Nc1 Rc3 31. Ne2 Rc6 32. Nc1 Rc3 33. Ne2 Rc7 34. Nc1 Be4 35. f3 Bg6 36. Nd3 Bxd3 37. Rxd3 Kf7 38. Re3 h5 39. Kd2 h4 40. f4 gxf4 41. Rf3 Ke6 42. Rxf4 Rg7 43. Rf2 Rg3 44. Ke2 f5 45. Kd2 Kf6 46. Ke2 Kg5 47. Kd2 f4 48. Ke2 Re3+ 49. Kd2 Rg3 50. Re2 Kf6 51. Rf2 Kf5 52. Re2 Kf6 53. Rf2 Kg5 1/2-1/2

[Event "Titled Tuesday intern op 06th Jun Late"]
[Site "Chess.com INT"]
[Date "2023.06.06"]
[Round "5"]
[White "Harish, Neeraj"]
[Black "Safin, Robert"]
[Result "1-0"]
[WhiteElo "2231"]
[BlackElo "2207"]
[PlyCount "101"]
[EventDate "2023.06.06"]
[EventType "swiss (blitz)"]
[EventRounds "11"]
[EventCountry "USA"]
[SourceTitle "EXT 2024"]
[Source "ChessBase"]
[SourceDate "2023.10.10"]
[SourceVersion "1"]
[SourceVersionDate "2023.10.10"]
[SourceQuality "1"]

1. e4 e6 2. d4 d5 3. e5 c5 4. c3 Qb6 5. Nf3 Nc6 6. Bd3 cxd4 7. 0-0 Nge7 8. h4 Bd7 9. Re1 h6 10. h5 a6 11. Nbd2 dxc3 12. bxc3 Qc7 13. Ba3 Nc8 14. Bxf8 Rxf8 15. c4 dxc4 16. Nxc4 b5 17. Ncd2 Nb6 18. Rc1 Ke7 19. Ne4 Rfd8 20. Nd6 Be8 21. Qe2 Nc8 22. Ne4 Qb6 23. Bb1 Ra7 24. Nc5 Rc7 25. Qe4 Nd4 26. Nxd4 Rxc5 27. Qh4+ Kd7 28. Rxc5 Qxc5 29. Rd1 Qe7 30. Nb3+ Kc6 31. Qxe7 Rxd1+ 32. Kh2 Bd7 33. Qxf7 Rxb1 34. Qxg7 a5 35. Nxa5+ Kc7 36. Nb3 Rb2 37. Qxh6 Rxa2 38. Nc5 Kc6 39. Nxd7 Kxd7 40. Qg7+ Kc6 41. Qf7 Rc2 42. Qxe6+ Kb7 43. h6 b4 44. Qb3 Rc6 45. Qxb4+ Nb6 46. Qf4 Nd5 47. Qf7+ Nc7 48. h7 Rh6+ 49. Kg3 Kc6 50. Kg4 Nd5 51. Kg5 1-0

[Event "Titled Tuesday intern op 23rd May Late"]
[Site "Chess.com INT"]
[Date "2023.05.23"]
[Round "8"]
[White "Hambleton, Aman"]
[Black "Safin, Robert"]
[Result "0-1"]
[WhiteElo "2420"]
[BlackElo "2207"]
[PlyCount "64"]
[EventDate "2023.05.23"]
[EventType "swiss (blitz)"]
[EventRounds "11"]
[EventCountry "USA"]
[SourceTitle "EXT 2024"]
[Source "ChessBase"]
[SourceDate "2023.10.10"]
[SourceVersion "1"]
[SourceVersionDate "2023.10.10"]
[SourceQuality "1"]

1. c4 e6 2. d4 Nf6 3. Nc3 Bb4 4. Qc2 d5 5. cxd5 Qxd5 6. e3 c5 7. Bd2 Bxc3 8. bxc3 b6 9. Nf3 0-0 10. Bd3 Ba6 11. c4 Qh5 12. h3 Nbd7 13. 0-0-0 Bb7 14. g4 Qh6 15. e4 g5 16. h4 Qg7 17. hxg5 Nxg4 18. e5 Rfd8 19. Rxh7 Bxf3 20. Rxg7+ Kxg7 21. Rg1 cxd4 22. Rg3 Ndxe5 23. Bf4 Rac8 24. Kb2 Rc5 25. Rh3 Rdc8 26. Rxf3 Nxf3 27. Qe2 Nge5 28. Be4 d3 29. Qd1 Rxc4 30. Bxf3 Rxf4 31. Bh5 Rc2+ 32. Kb3 a5 0-1

[Event "Titled Tuesday intern op 23rd May Late"]
[Site "Chess.com INT"]
[Date "2023.05.23"]
[Round "11"]
[White "Pires, Marcos Vinicius Tor"]
[Black "Safin, Robert"]
[Result "0-1"]
[WhiteElo "2253"]
[BlackElo "2207"]
[PlyCount "70"]
[EventDate "2023.05.23"]
[EventType "swiss (blitz)"]
[EventRounds "11"]
[EventCountry "USA"]
[SourceTitle "EXT 2024"]
[Source "ChessBase"]
[SourceDate "2023.10.10"]
[SourceVersion "1"]
[SourceVersionDate "2023.10.10"]
[SourceQuality "1"]

1. e4 c6 2. c4 d5 3. exd5 cxd5 4. cxd5 Nf6 5. Nc3 Nxd5 6. Bc4 e6 7. Nf3 Be7 8. 0-0 0-0 9. d4 Nxc3 10. bxc3 Nd7 11. Bd3 Qc7 12. Qc2 h6 13. c4 b6 14. Qe2 Bb7 15. a4 Rfd8 16. d5 Nc5 17. Bb1 Bf6 18. Ra3 exd5 19. cxd5 Rxd5 20. Qc2 g6 21. h3 h5 22. Re1 Rad8 23. Bb2 Bxb2 24. Qxb2 Qf4 25. Rae3 Rd1 26. Rxd1 Rxd1+ 27. Ne1 Rd8 28. a5 bxa5 29. Qb5 Qb4 30. Re8+ Rxe8 31. Qxe8+ Kg7 32. Qe5+ Kh7 33. Bc2 Be4 34. Kf1 Qc4+ 35. Kg1 Bxc2 0-1

[Event "Titled Tuesday intern op 23rd May Late"]
[Site "Chess.com INT"]
[Date "2023.05.23"]
[Round "9"]
[White "Safin, Robert"]
[Black "Horvath, Dominik"]
[Result "0-1"]
[WhiteElo "2207"]
[BlackElo "2523"]
[PlyCount "68"]
[EventDate "2023.05.23"]
[EventType "swiss (blitz)"]
[EventRounds "11"]
[EventCountry "USA"]
[SourceTitle "EXT 2024"]
[Source "ChessBase"]
[SourceDate "2023.10.10"]
[SourceVersion "1"]
[SourceVersionDate "2023.10.10"]
[SourceQuality "1"]

1. e4 g6 2. d4 Nf6 3. Nc3 d5 4. e5 Ne4 5. Nce2 f6 6. f3 Ng5 7. Bxg5 fxg5 8. Nh3 h6 9. Ng3 c5 10. Bd3 Kf7 11. 0-0 c4 12. Be2 Qb6 13. f4 Kg7 14. fxg5 Bxh3 15. gxh3 hxg5 16. c3 Qxb2 17. Qe1 Nc6 18. Qf2 Nd8 19. Qe3 Ne6 20. Rab1 Qc2 21. Rxb7 Nf4 22. Rxf4 gxf4 23. Qxf4 Qxc3 24. e6 Kh7 25. Bf3 Bg7 26. Bxd5 Qxd4+ 27. Qxd4 Bxd4+ 28. Kg2 Bc5 29. Bxc4 Rad8 30. Ne4 Ba3 31. Ng5+ Kg7 32. Rxa7 Rd2+ 33. Kf3 Bc5 34. Rc7 Rf2+ 0-1

[Event "Titled Tuesday intern op 16th May Late"]
[Site "Chess.com INT"]
[Date "2023.05.16"]
[Round "11"]
[White "Chen, Ryo"]
[Black "Safin, Robert"]
[Result "1-0"]
[WhiteElo "2406"]
[BlackElo "2207"]
[PlyCount "69"]
[EventDate "2023.05.16"]
[EventType "swiss (blitz)"]
[EventRounds "11"]
[EventCountry "USA"]
[SourceTitle "CBM 214 Extra"]
[Source "ChessBase"]
[SourceDate "2023.07.31"]
[SourceVersion "1"]
[SourceVersionDate "2023.07.31"]
[SourceQuality "1"]

1. e4 c6 2. Nf3 d5 3. d3 dxe4 4. dxe4 Qxd1+ 5. Kxd1 Bg4 6. Be2 Nd7 7. Ne1 Bxe2+ 8. Kxe2 e5 9. Nd3 Ngf6 10. f3 Bd6 11. Be3 b6 12. Nd2 Ke7 13. a4 Rhd8 14. g4 h5 15. g5 Nh7 16. h4 Nhf8 17. Nc4 Bc7 18. c3 Ne6 19. b4 Rac8 20. Nd2 Ndf8 21. a5 Rd7 22. axb6 Bxb6 23. Bxb6 axb6 24. Nxe5 Nf4+ 25. Ke3 Ng2+ 26. Ke2 Nf4+ 27. Kd1 Rd6 28. Nec4 Rd3 29. Ra7+ Ke6 30. Kc2 Rcd8 31. Nb3 Ne2 32. Nxb6 Rxc3+ 33. Kb2 Rxf3 34. Nc4 Rf2 35. Nc5# 1-0

[Event "Titled Tuesday intern op 16th May Late"]
[Site "Chess.com INT"]
[Date "2023.05.16"]
[Round "2"]
[White "Safin, Robert"]
[Black "Wu, Derek"]
[Result "0-1"]
[WhiteElo "2207"]
[BlackElo "2209"]
[PlyCount "72"]
[EventDate "2023.05.16"]
[EventType "swiss (blitz)"]
[EventRounds "11"]
[EventCountry "USA"]
[SourceTitle "CBM 214 Extra"]
[Source "ChessBase"]
[SourceDate "2023.07.31"]
[SourceVersion "1"]
[SourceVersionDate "2023.07.31"]
[SourceQuality "1"]

1. e4 c5 2. c3 d5 3. exd5 Nf6 4. d4 Nxd5 5. Nf3 cxd4 6. Bc4 Nc6 7. Nxd4 e6 8. 0-0 Bd6 9. Bxd5 exd5 10. Re1+ Ne7 11. Bg5 0-0 12. Nd2 f6 13. Bh4 Ng6 14. Bg3 Bc5 15. N2b3 Bb6 16. Qd2 Bd7 17. Rad1 Re8 18. h3 Ne5 19. Bxe5 fxe5 20. Nf3 d4 21. Nxe5 Ba4 22. cxd4 Qf6 23. Qd3 Kh8 24. Re4 Rf8 25. Rd2 Rad8 26. Kh1 Be8 27. Qe3 a5 28. Nc5 Bh5 29. Ncd7 Qd6 30. Nxf8 Rxf8 31. Qg5 Be8 32. Rf4 Rg8 33. Nf7+ Bxf7 34. Rxf7 Bd8 35. Qe5 Qh6 36. Rf3 Qxd2 0-1

[Event "Titled Tuesday intern op 16th May Late"]
[Site "Chess.com INT"]
[Date "2023.05.16"]
[Round "4"]
[White "Vakhlamov, Igor L"]
[Black "Safin, Robert"]
[Result "1-0"]
[WhiteElo "2413"]
[BlackElo "2207"]
[PlyCount "55"]
[EventDate "2023.05.16"]
[EventType "swiss (blitz)"]
[EventRounds "11"]
[EventCountry "USA"]
[SourceTitle "CBM 214 Extra"]
[Source "ChessBase"]
[SourceDate "2023.07.31"]
[SourceVersion "1"]
[SourceVersionDate "2023.07.31"]
[SourceQuality "1"]

1. e4 c6 2. d4 d5 3. exd5 cxd5 4. c4 Nf6 5. Nc3 e6 6. c5 Be7 7. Bb5+ Bd7 8. Bxd7+ Nbxd7 9. Rb1 0-0 10. Nf3 Ne4 11. 0-0 Nxc3 12. bxc3 b6 13. c6 Nb8 14. Qa4 Qc7 15. Ne5 Rc8 16. Bf4 Nxc6 17. Rbc1 Nxe5 18. Bxe5 Bd6 19. Rfe1 Bxe5 20. Rxe5 Qc4 21. Qc2 Rc7 22. f4 g6 23. g4 Rac8 24. Qd2 b5 25. f5 b4 26. f6 bxc3 27. Qh6 Qxd4+ 28. Kh1 1-0

[Event "Titled Tuesday intern op 25th Apr Early"]
[Site "Chess.com INT"]
[Date "2023.04.25"]
[Round "9"]
[White "Safin, Robert"]
[Black "Karthik, Rajaa"]
[Result "1-0"]
[WhiteElo "2207"]
[BlackElo "2302"]
[PlyCount "135"]
[EventDate "2023.04.25"]
[EventType "swiss (blitz)"]
[EventRounds "11"]
[EventCountry "USA"]
[SourceTitle "EXT 2024"]
[Source "ChessBase"]
[SourceDate "2023.10.10"]
[SourceVersion "1"]
[SourceVersionDate "2023.10.10"]
[SourceQuality "1"]

1. e4 c6 2. d4 d5 3. exd5 cxd5 4. c4 Nf6 5. Nc3 e6 6. Nf3 Bb4 7. cxd5 exd5 8. Bd2 0-0 9. Be2 Nc6 10. 0-0 Bg4 11. Bg5 Bxc3 12. bxc3 Qd6 13. h3 Bh5 14. Bxf6 Qxf6 15. Nd2 Bg6 16. Bf3 Rfd8 17. Re1 Qd6 18. Nf1 Re8 19. Ne3 Be4 20. Bxe4 Rxe4 21. Qb3 Ne7 22. Qxb7 Rb8 23. Qxa7 g6 24. Rab1 Re8 25. Ng4 Nc6 26. Rxe4 Rxe4 27. Qa6 Re6 28. Ne3 Kg7 29. Qb5 Ne7 30. Qc5 Qd7 31. Rb5 Rd6 32. Qb4 Rc6 33. Rb7 Qe6 34. Rxe7 Qf6 35. Qb7 Rxc3 36. Nxd5 Rc1+ 37. Kh2 Qd6+ 38. g3 Kh6 39. Rxf7 Kh5 40. Rxh7+ Kg5 41. Qe7+ Qxe7 42. Rxe7 Rc2 43. Re5+ Kh6 44. Kg2 Rxa2 45. Nf4 Ra4 46. Re6 Kg5 47. Rxg6+ Kf5 48. Rd6 Ra3 49. Rd5+ Ke4 50. Re5+ Kxd4 51. Re3 Ra5 52. h4 Ra8 53. Kf3 Rh8 54. h5 Rf8 55. Re1 Rg8 56. h6 Rh8 57. Rh1 Ke5 58. Ng6+ Kf6 59. Nxh8 Kg5 60. Nf7+ Kg6 61. h7 Kf6 62. h8Q+ Kf5 63. Rh5+ Ke6 64. Qe5+ Kd7 65. Qd6+ Kc8 66. Rc5+ Kb7 67. Rc7+ Kb8 68. Qd8# 1-0

[Event "Titled Tuesday intern op 25th Apr Early"]
[Site "Chess.com INT"]
[Date "2023.04.25"]
[Round "7"]
[White "Safin, Robert"]
[Black "Pourkashiyan, Atousa"]
[Result "1-0"]
[WhiteElo "2207"]
[BlackElo "2296"]
[PlyCount "105"]
[EventDate "2023.04.25"]
[EventType "swiss (blitz)"]
[EventRounds "11"]
[EventCountry "USA"]
[SourceTitle "EXT 2024"]
[Source "ChessBase"]
[SourceDate "2023.10.10"]
[SourceVersion "1"]
[SourceVersionDate "2023.10.10"]
[SourceQuality "1"]

1. e4 c5 2. c3 Nf6 3. e5 Nd5 4. Nf3 e6 5. d4 cxd4 6. cxd4 d6 7. Bc4 Nc6 8. 0-0 Be7 9. Bxd5 exd5 10. Nc3 Be6 11. Bf4 0-0 12. exd6 Bxd6 13. Bxd6 Qxd6 14. Re1 Bg4 15. h3 Bxf3 16. Qxf3 Nxd4 17. Qd3 Nc6 18. Nxd5 Kh8 19. Rad1 Nb4 20. Qb3 Nxd5 21. Rxd5 Qc7 22. Red1 b6 23. Rd7 Qf4 24. g3 Qf5 25. h4 h6 26. a4 Kg8 27. Qd3 Qf6 28. Qd4 Qe6 29. Qd5 Qf6 30. Rd4 Rac8 31. Rf4 Qg6 32. h5 Rc1+ 33. Kg2 Qc6 34. Qxc6 Rxc6 35. Rxa7 Rc5 36. Rb7 Rc6 37. Rb4 Ra8 38. b3 Ra6 39. g4 f6 40. Rd4 Rc3 41. Rdd7 Rxb3 42. Rxg7+ Kf8 43. Rgf7+ Kg8 44. Rfc7 Ra8 45. Rg7+ Kf8 46. Rh7 Kg8 47. Rxh6 Rb4 48. Rg6+ Kf8 49. h6 Raxa4 50. f3 Ra2+ 51. Kg3 Ra1 52. h7 Rh1 53. Rg8# 1-0

[Event "Titled Tuesday intern op 25th Apr Early"]
[Site "Chess.com INT"]
[Date "2023.04.25"]
[Round "3"]
[White "Sieciechowicz, Marcin"]
[Black "Safin, Robert"]
[Result "1-0"]
[WhiteElo "2387"]
[BlackElo "2207"]
[PlyCount "83"]
[EventDate "2023.04.25"]
[EventType "swiss (blitz)"]
[EventRounds "11"]
[EventCountry "USA"]
[SourceTitle "EXT 2024"]
[Source "ChessBase"]
[SourceDate "2023.10.10"]
[SourceVersion "1"]
[SourceVersionDate "2023.10.10"]
[SourceQuality "1"]

1. d4 Nf6 2. Bf4 d5 3. e3 c5 4. c3 Qb6 5. Qb3 c4 6. Qc2 g6 7. b3 Bf5 8. Qb2 Nc6 9. Nd2 Bg7 10. Ngf3 0-0 11. Be2 Nd7 12. Nh4 Be6 13. Rb1 f6 14. bxc4 Qxb2 15. Rxb2 g5 16. e4 dxe4 17. d5 gxf4 18. Nxe4 f5 19. Nd2 Bxc3 20. Rc2 Bf6 21. dxc6 bxc6 22. Nhf3 Nc5 23. 0-0 Rab8 24. Re1 Rfd8 25. Bf1 Bf7 26. g3 fxg3 27. hxg3 Nd3 28. Bxd3 Rxd3 29. Kg2 Rbd8 30. Nb3 Rd1 31. Re3 R1d3 32. Ree2 h5 33. Ne5 Bxe5 34. Rxe5 Kf8 35. Rxf5 Ke8 36. Ra5 Rd1 37. Rxa7 Re1 38. Na5 Re4 39. Nxc6 Bxc4 40. Nxd8 Kxd8 41. Rd2+ Bd5 42. Rxd5+ 1-0

[Event "Titled Tuesday intern op 11th Apr Early"]
[Site "Chess.com INT"]
[Date "2023.04.11"]
[Round "3"]
[White "Safin, Robert"]
[Black "Bochnicka, Vladimir1111"]
[Result "0-1"]
[WhiteElo "2207"]
[BlackElo "2331"]
[PlyCount "56"]
[EventDate "2023.04.11"]
[EventType "swiss (blitz)"]
[EventRounds "11"]
[EventCountry "USA"]
[SourceTitle "CBM 213 Extra"]
[Source "ChessBase"]
[SourceDate "2023.05.31"]
[SourceVersion "1"]
[SourceVersionDate "2023.05.31"]
[SourceQuality "1"]

1. e4 c5 2. c3 Nf6 3. e5 Nd5 4. Nf3 Nc6 5. Na3 e6 6. Nc4 b5 7. Ne3 Nxe3 8. fxe3 Rb8 9. d4 cxd4 10. exd4 Be7 11. Bd3 d6 12. Qe2 dxe5 13. Bxb5 Bd7 14. Bxc6 Bxc6 15. Nxe5 Ba8 16. 0-0 0-0 17. b3 Rc8 18. Bd2 Bf6 19. Rae1 Qd5 20. Rxf6 gxf6 21. Qg4+ Kh8 22. Bh6 Qxg2+ 23. Qxg2 Bxg2 24. Bxf8 fxe5 25. Kxg2 exd4 26. Be7 Rxc3 27. Bf6+ Kg8 28. Bxd4 Rc2+ 0-1

[Event "Titled Tuesday intern op 21st Mar Early"]
[Site "Chess.com INT"]
[Date "2023.03.21"]
[Round "6"]
[White "Averjanov, Alexey"]
[Black "Safin, Robert"]
[Result "1-0"]
[WhiteElo "2399"]
[BlackElo "2207"]
[PlyCount "83"]
[EventDate "2023.03.21"]
[EventType "swiss (blitz)"]
[EventRounds "11"]
[EventCountry "USA"]
[SourceTitle "EXT 2024"]
[Source "ChessBase"]
[SourceDate "2023.10.10"]
[SourceVersion "1"]
[SourceVersionDate "2023.10.10"]
[SourceQuality "1"]

1. d4 Nf6 2. c4 e6 3. Nf3 d5 4. e3 c5 5. dxc5 Bxc5 6. a3 a5 7. Nc3 0-0 8. cxd5 exd5 9. Be2 Nc6 10. Nb5 Bg4 11. 0-0 Qb6 12. Nc3 Qd8 13. Nd4 Bxd4 14. Bxg4 Bxc3 15. bxc3 Nxg4 16. Qxg4 Qf6 17. Rb1 Rab8 18. a4 Rfd8 19. Rd1 Ne5 20. Qg3 Nc4 21. Rb5 Rbc8 22. Rxb7 Qxc3 23. Qf4 Nd6 24. Bb2 Qc2 25. Qd4 Qxd1+ 26. Qxd1 Nxb7 27. Qd4 f6 28. h4 Kh8 29. h5 h6 30. Qb6 Nc5 31. Qxa5 Ne4 32. Bd4 Rd7 33. Qb5 Rdd8 34. a5 Rc1+ 35. Kh2 Nxf2 36. a6 Rdc8 37. a7 Rh1+ 38. Kg3 Ne4+ 39. Kg4 Nf2+ 40. Kf5 Ne4 41. Qb8 Rxh5+ 42. Ke6 1-0

[Event "Titled Tuesday intern op 21st Mar Early"]
[Site "Chess.com INT"]
[Date "2023.03.21"]
[Round "1"]
[White "Bongo Akanga Ndjila, Barthelemy"]
[Black "Safin, Robert"]
[Result "0-1"]
[WhiteElo "1824"]
[BlackElo "2207"]
[PlyCount "88"]
[EventDate "2023.03.21"]
[EventType "swiss (blitz)"]
[EventRounds "11"]
[EventCountry "USA"]
[SourceTitle "EXT 2024"]
[Source "ChessBase"]
[SourceDate "2023.10.10"]
[SourceVersion "1"]
[SourceVersionDate "2023.10.10"]
[SourceQuality "1"]

1. d4 Nf6 2. c4 e6 3. Nf3 d5 4. Nc3 c5 5. cxd5 cxd4 6. Nxd4 Nxd5 7. g3 Nxc3 8. bxc3 e5 9. Nb5 a6 10. Qxd8+ Kxd8 11. Na3 Be6 12. Bg2 Kc7 13. 0-0 Nd7 14. Rd1 f6 15. Nc2 Nb6 16. Nb4 Be7 17. Nd5+ Nxd5 18. Bxd5 Rhd8 19. e4 Rd7 20. Be3 Bxd5 21. exd5 Ba3 22. Rab1 b5 23. Rb3 Bd6 24. Rc1 Rc8 25. c4 bxc4 26. Rxc4+ Kd8 27. Bb6+ Bc7 28. d6 Rxd6 29. Bxc7+ Rxc7 30. Rb8+ Kd7 31. Ra4 Ke6 32. Ra8 Rcc6 33. Kg2 h5 34. h4 Kf5 35. Ra7 Kg6 36. a3 Rb6 37. Ra5 Rb2 38. R7xa6 Rdd2 39. Rxe5 Rxf2+ 40. Kg1 Rg2+ 41. Kf1 Rxg3 42. Re4 Rg4 43. Re7 Rxh4 44. Raa7 Rh1# 0-1